| 000 -LEADER |
| fixed length control field |
01557cam a22002054a 4500 |
| 020 ## - INTERNATIONAL STANDARD BOOK NUMBER |
| ISBN |
9780896296619 (alk. paper) |
| 020 ## - INTERNATIONAL STANDARD BOOK NUMBER |
| ISBN |
089629661X (alk. paper) |
| 040 ## - CATALOGING SOURCE |
| Transcribing agency |
DLC |
| 082 00 - DEWEY DECIMAL CLASSIFICATION NUMBER |
| Classification number |
338 INT 2009 C152 Or. |
| 245 00 - TITLE STATEMENT |
| Title |
Millions fed : |
| Remainder of title |
proven successes in agricultural development / |
| 260 ## - PUBLICATION, DISTRIBUTION, ETC. (IMPRINT) |
| Place of publication |
Washington, D.C. : |
| Name of publisher |
International Food Policy Research Institute, |
| Year of publication |
c2009 |
| 300 ## - PHYSICAL DESCRIPTION |
| Number of Pages |
viii, 165 p. : |
| Other physical details |
ill. (chiefly col.), col. maps ; |
| Dimensions |
26 cm |
| 520 ## - SUMMARY, ETC. |
| Summary, etc |
Learning from successes in agricultural development is now more urgent than ever. Progress in feeding the world's billions has slowed, while the challenge of meeting future food needs remains enormous and is subject to new uncertainties in the global food and agricultural systems. In the late 1950s around a billion people were estimated to go hungry every day. Scientists, policymakers, farmers, and ordinary people initiated a concerted push to boost agricultural production and productivity in developing countries. Great strides were also made in improving the quality of food and the ability of vulnerable people to access food needed for survival. All these efforts have done more than just feed millions. They have also demonstrated that agriculture can be a key driver of growth and development for many of the world's poorest countries |
| 650 #0 - SUBJECT ADDED ENTRY--TOPICAL TERM |
| Topical Term |
Agricultural development projects |
| 650 #0 - SUBJECT ADDED ENTRY--TOPICAL TERM |
| Topical Term |
Agriculture and state |
| 700 1# - ADDED ENTRY--PERSONAL NAME |
| Personal name |
Spielman, David J |
| 700 1# - ADDED ENTRY--PERSONAL NAME |
| Personal name |
Pandya-Lorch, Rajul |
| 856 41 - ELECTRONIC LOCATION AND ACCESS |
| Uniform Resource Identifier |
http://www.ifpri.org/sites/default/files/publications/oc64.pdf |
| 942 ## - ADDED ENTRY ELEMENTS (KOHA) |
| Koha item type |
ADB |
| 952 ## - LOCATION AND ITEM INFORMATION (KOHA) |
| Withdrawn status [LOCAL, KOHA] |
0 |